Songs on 1989 (Taylor's Version) - Statistics

General Stats
  • This quiz has been taken 14 times
  • The average score is 19 of 23
Answer Stats
Answer % Correct
Blank Space
100%
Out Of The Woods
100%
Wildest Dreams
100%
Bad Blood
92%
Bad Blood (feat. Kendrick Lamar)
92%
Clean
92%
Welcome To New York
92%
Wonderland
92%
You Are In Love
92%
All You Had To Do Was Stay
83%
How You Get The Girl
83%
I Know Places
83%
Is It Over Now?
83%
New Romantics
83%
Now That We Don't Talk
83%
Shake It Off
83%
"Slut!"
83%
Suburban Legends
83%
This Love
83%
Say Don't Go
75%
Style
75%
I Wish You Would
50%
Sweeter Than Fiction
50%
No matching quizzes found
Score Distribution
Percent of People with Each Score
Percentile by Number Answered
Your Score History
You have not taken this quiz